Likvidace podniku

Saved in:
Bibliographic Details
Main Author: Pelikán, Václav
Format: Book
Language:Czech
Published: Praha GRADA Publishing 2001
Edition:4. aktualiz. vyd.
Series:Poradce
Subjects:
Tags: Add Tag
No Tags, Be the first to tag this record!

MARC

LEADER 00000nam a2200000 4500
001 c127480
005 20221124103415.2
020 |a 80-247-0122-7 
041 0 |a cze 
044 |a CZ 
245 1 0 |a Likvidace podniku  |c Václav Pelikán 
250 |a 4. aktualiz. vyd. 
264 1 |a Praha  |b GRADA Publishing  |c 2001 
300 |a 122 s. 
490 1 |a Poradce 
830 0 |a Poradce 
610 2 0 |a likvidácia podniku 
610 2 0 |a rozhodovanie 
610 2 0 |a majetok 
610 2 0 |a zásoby 
610 2 0 |a pohľadávky 
610 2 0 |a záväzky 
610 2 0 |a súvaha 
610 2 0 |a plán 
610 2 0 |a personál 
610 2 0 |a styk platobný 
610 2 0 |a archívy 
610 2 0 |a súťaž verejná 
610 2 0 |a predaj 
610 2 0 |a zmluvy kúpne 
610 2 0 |a portfólio 
610 2 0 |a rozpočty 
100 1 |a Pelikán, Václav